书目信息 |
| 题名: |
工程力学
|
|
| 作者: | 魏道德 , 贾玉梅 主编 | |
| 分册: | ||
| 出版信息: | 北京 机械工业出版社 2007.09 |
|
| 页数: | 216页 | |
| 开本: | 26cm | |
| 丛书名: | ||
| 单 册: | ||
| 中图分类: | TB12 | |
| 科图分类: | ||
| 主题词: | 工程力学--gong cheng li xue--高等教育--教材 | |
| 电子资源: | ||
| ISBN: | 978-7-111-22206-4 | |
| 000 | 00953nam0 2200265 450 | |
| 001 | 012008827906 | |
| 005 | 20080114090748.79 | |
| 010 | @a978-7-111-22206-4@dCNY22.00 | |
| 100 | @a20080114d2007 em y0chi0120 ea | |
| 101 | 0 | @achi |
| 102 | @aCN@b110000 | |
| 105 | @aa a 000yy | |
| 106 | @ar | |
| 200 | 1 | @a工程力学@Agong cheng li xue@f魏道德, 贾玉梅主编@Fwei dao de,jia yu mei zhu bian |
| 210 | @a北京@c机械工业出版社@d2007.09 | |
| 215 | @a216页@c图@d26cm | |
| 300 | @a21世纪高职高专规划教材(公共基础课) | |
| 320 | @a有书目 | |
| 330 | @a本书内容包括:构件的静力分析、材料力学部分和构件的运动分析与动力分析基础等共13章。构件的静力分析包括构件静力学基础、平面力系的平衡问题、空间力系的平衡问题和物体的重心共3章。 | |
| 606 | 0 | @a工程力学@Agong cheng li xue@x高等教育@j教材 |
| 690 | @aTB12@v4 | |
| 701 | 0 | @a魏道德@Awei dao de@4主编 |
| 701 | 0 | @a贾玉梅@Ajia yu mei@4主编 |
| 801 | 0 | @aCN@bQSSK@c20080114 |
| 905 | @b278093-95@dTB12@eW580@f3 | |
| 工程力学/魏道德, 贾玉梅主编.-北京:机械工业出版社,2007.09 |
| 216页:图;26cm |
| 21世纪高职高专规划教材(公共基础课) |
| ISBN 978-7-111-22206-4:CNY22.00 |
| 本书内容包括:构件的静力分析、材料力学部分和构件的运动分析与动力分析基础等共13章。构件的静力分析包括构件静力学基础、平面力系的平衡问题、空间力系的平衡问题和物体的重心共3章。 |
| ● |
| 相关链接 |
|
|
|
正题名:工程力学
索取号:TB12/W580
 
预约/预借
| 序号 | 登录号 | 条形码 | 馆藏地/架位号 | 状态 | 备注 |
| 1 | 278093 | 202780936 | 自科库501/501自科库 3排1列5层/ [索取号:TB12/W580] | 在馆 | |
| 2 | 278094 | 202780945 | 自科库501/501自科库 3排1列5层/ [索取号:TB12/W580] | 在馆 | |
| 3 | 278095 | 202780954 | 自科库501/501自科库 3排1列5层/ [索取号:TB12/W580] | 在馆 |